[Event "TCh-CHN DivA Regular"]
[Site "Fuling CHN"]
[Date "2023.06.10"]
[Round "5.2"]
[Board "2"]
[White "Li, Di"]
[Black "Wang, Yue"]
[Result "1/2-1/2"]
[WhiteTitle "GM"]
[BlackTitle "GM"]
[WhiteElo "2575"]
[BlackElo "2674"]
[WhiteTeam "Chengdu"]
[BlackTeam "Tianjin"]
[WhiteFideId "8607508"]
[BlackFideId "8601429"]
[EventDate "2023.06.05"]
[EventType "team"]

1. d4 Nf6 2. c4 e6 3. Nf3 d5 4. g3 Be7 5. Bg2 O-O 6. O-O dxc4 7. Qc2 a6 8. a4
Bd7 9. Rd1 Bc6 10. Bg5 b5 11. Bxf6 Bxf6 12. Nc3 Qe8 13. d5 exd5 14. Nd4 Qe5 15.
e4 dxe4 16. axb5 axb5 17. Nxc6 Nxc6 18. Rxa8 Rxa8 19. Qxe4 Qxe4 20. Bxe4 Ra6 21.
Nxb5 Ne5 22. Nxc7 Ra2 23. Rb1 Nd3 24. Bxd3 cxd3 25. Rd1 Rxb2 26. Rxd3 Rb8 27.
Nd5 h6 28. Nxf6+ gxf6 29. Kg2 Kg7 30. Kg1 Rb1+ 1/2-1/2

[Event "TCh-CHN DivA Regular"]
[Site "Fuling CHN"]
[Date "2023.06.10"]
[Round "5.2"]
[Board "3"]
[White "Dai, Changren"]
[Black "Zhao, Yuanhe"]
[Result "1/2-1/2"]
[WhiteTitle "GM"]
[BlackTitle "IM"]
[WhiteElo "2515"]
[BlackElo "2461"]
[WhiteTeam "Tianjin"]
[BlackTeam "Chengdu"]
[WhiteFideId "8608156"]
[BlackFideId "8609497"]
[EventDate "2023.06.05"]
[EventType "team"]

1. e4 c5 2. Nf3 Nc6 3. d4 cxd4 4. Nxd4 g6 5. c4 Bg7 6. Be3 Nf6 7. Nc3 O-O 8. Be2
d6 9. O-O Bd7 10. Nc2 Be6 11. f3 Nd7 12. Qd2 Qa5 13. Nd4 Nxd4 14. Bxd4 Bxd4+ 15.
Qxd4 Rfc8 16. b3 a6 17. f4 Qb6 18. Qxb6 Nxb6 19. Bf3 Rab8 20. Rae1 Rc5 21. Rf2
Kf8 22. Ne2 Bd7 23. Nc1 Nc8 24. Nd3 Rc7 25. Rc1 Na7 26. e5 dxe5 27. fxe5 Nc6 28.
Rcf1 Bf5 29. Bxc6 Rxc6 30. Nb4 Rc5 31. g4 Be6 32. Nd3 Rc6 33. h3 g5 34. Rd2 Kg7
35. Ne1 Rc5 36. Nd3 1/2-1/2

[Event "TCh-CHN DivA Regular"]
[Site "Fuling CHN"]
[Date "2023.06.10"]
[Round "5.2"]
[Board "4"]
[White "Chu, Ruotong"]
[Black "Xiao, Yiyi"]
[Result "0-1"]
[WhiteTitle "WIM"]
[BlackTitle "WGM"]
[WhiteElo "2166"]
[BlackElo "2331"]
[WhiteTeam "Chengdu"]
[BlackTeam "Tianjin"]
[WhiteFideId "8605653"]
[BlackFideId "8606161"]
[EventDate "2023.06.05"]
[EventType "team"]

1. d4 d5 2. c4 e6 3. Nf3 Nf6 4. g3 Bb4+ 5. Bd2 Be7 6. Bg2 O-O 7. O-O c6 8. Qc2
a5 9. b3 b6 10. Ne5 Ba6 11. Bc3 Nfd7 12. Nxd7 Nxd7 13. Bb2 b5 14. Nd2 bxc4 15.
bxc4 a4 16. a3 Nb6 17. c5 Nc4 18. Nxc4 Bxc4 19. Rfe1 f5 20. f4 h5 21. e3 h4 22.
Bc3 Bb3 23. Qe2 Rf6 24. Kf2 Rh6 25. Rh1 Kf7 26. Ke1 Bc4 27. Qf3 Rb8 28. Bb4 g5
29. Kd2 Qh8 30. fxg5 Bxg5 31. Rhg1 Qxd4+ 32. Kc2 0-1

[Event "TCh-CHN DivA Regular"]
[Site "Fuling CHN"]
[Date "2023.06.10"]
[Round "5.2"]
[Board "5"]
[White "Zhang, Xiaowen"]
[Black "Ren, Xiaoyi"]
[Result "1/2-1/2"]
[WhiteTitle "WGM"]
[BlackTitle "WIM"]
[WhiteElo "2266"]
[BlackElo "2079"]
[WhiteTeam "Tianjin"]
[BlackTeam "Chengdu"]
[WhiteFideId "8603219"]
[BlackFideId "8608709"]
[EventDate "2023.06.05"]
[EventType "team"]

1. e4 e5 2. Nf3 Nc6 3. Bb5 f5 4. d3 fxe4 5. dxe4 Nf6 6. Qd3 Bc5 7. Nc3 d6 8. Nd5
a6 9. Ba4 h6 10. b4 Ba7 11. c3 Be6 12. Bb3 Bf7 13. Be3 Nxd5 14. Bxd5 Bxe3 15.
Bxf7+ Kxf7 16. Qxe3 Rf8 17. h4 Kg8 18. h5 Qf6 19. Nh4 Ne7 20. g3 Rad8 21. O-O d5
22. Rad1 b6 23. exd5 Nxd5 24. Qe4 Nf4 25. Rxd8 Rxd8 26. Qc4+ Kh7 27. Qe4+ Kh8
28. Ng6+ Nxg6 29. hxg6 Rd6 30. Re1 Qxg6 1/2-1/2

[Event "TCh-CHN DivA Regular"]
[Site "Fuling CHN"]
[Date "2023.06.10"]
[Round "5.3"]
[Board "1"]
[White "Ni, Hua"]
[Black "Zhao, Jun"]
[Result "1-0"]
[WhiteTitle "GM"]
[BlackTitle "GM"]
[WhiteElo "2669"]
[BlackElo "2584"]
[WhiteTeam "Shanghai"]
[BlackTeam "Shandong"]
[WhiteFideId "8601160"]
[BlackFideId "8602522"]
[EventDate "2023.06.05"]
[EventType "team"]

1. d4 Nf6 2. Nc3 d5 3. Bf4 a6 4. e3 e6 5. g4 c5 6. g5 Nfd7 7. Nf3 Nc6 8. h4 Nb6
9. Qd2 Bd6 10. O-O-O cxd4 11. exd4 Bb4 12. a3 Be7 13. Ne5 Bd7 14. Nxc6 Bxc6 15.
h5 Qd7 16. Be5 f6 17. gxf6 gxf6 18. Bg3 Bd6 19. Qh6 Bxg3 20. fxg3 Qe7 21. Re1
Bd7 22. Bh3 O-O-O 23. Rhf1 Rhf8 24. Rf3 Rde8 25. Bxe6 Bxe6 26. Rfe3 Rf7 27. Rxe6
Qxe6 28. Rxe6 Rxe6 29. b3 Rc7 30. Kd2 Kb8 31. Nd1 Rce7 32. a4 Ka7 33. Nc3 Rd7
34. Qf8 Na8 35. a5 Nc7 36. Na4 Rde7 37. Nb6 Re8 38. Qf7 Nb5 39. Nxd5 Nxd4 40.
Kc3 Nb5+ 41. Kb2 Re5 42. Nxf6 R8e7 43. Qc4 Rc7 44. Qd3 Rc3 45. Qd2 Rce3 46. Qd8
Re1 47. g4 R5e3 48. Nd7 Re8 49. Qf6 Rd1 50. Nc5 Nd6 51. Nd3 Ne4 52. Qf7 Rc8 53.
Qe6 1-0

[Event "TCh-CHN DivA Regular"]
[Site "Fuling CHN"]
[Date "2023.06.10"]
[Round "5.3"]
[Board "2"]
[White "Liu, Qingnan"]
[Black "Zhang, Zhong"]
[Result "1/2-1/2"]
[WhiteTitle "GM"]
[BlackTitle "GM"]
[WhiteElo "2532"]
[BlackElo "2589"]
[WhiteTeam "Shandong"]
[BlackTeam "Shanghai"]
[WhiteFideId "8603294"]
[BlackFideId "8600694"]
[EventDate "2023.06.05"]
[EventType "team"]

1. d4 d5 2. Nf3 Nf6 3. c4 e6 4. Nc3 Be7 5. Bf4 O-O 6. e3 c5 7. dxc5 Bxc5 8. cxd5
Nxd5 9. Nxd5 exd5 10. a3 Nc6 11. Bd3 Bd6 12. Bxd6 Qxd6 13. O-O Qf6 14. b4 Bg4
15. h3 Bh5 16. g4 Bg6 17. Bxg6 hxg6 18. Ra2 a5 19. b5 Ne5 20. Nxe5 Qxe5 21. a4
Rac8 22. Rd2 Rc5 23. Rd4 f5 24. Qd3 g5 25. Kg2 f4 26. Rd1 fxe3 27. Qxe3 Qxe3 28.
fxe3 Re8 29. Rxd5 Rxd5 30. Rxd5 Rxe3 31. b6 Rb3 32. Rxg5 Rxb6 33. Rxa5 Rb4 34.
Kg3 Kh7 35. h4 Kh6 36. Ra8 Kg6 37. h5+ Kh6 38. Kf3 g6 39. hxg6 Kxg6 40. Ke3 Kf6
41. Kf3 b6 42. Rf8+ Kg5 43. Rf5+ Kg6 44. Rf4 Rb3+ 45. Ke4 b5 1/2-1/2

[Event "TCh-CHN DivA Regular"]
[Site "Fuling CHN"]
[Date "2023.06.10"]
[Round "5.3"]
[Board "3"]
[White "Lou, Yiping"]
[Black "Huang, Renjie"]
[Result "0-1"]
[WhiteTitle "IM"]
[WhiteElo "2482"]
[BlackElo "2406"]
[WhiteTeam "Shanghai"]
[BlackTeam "Shandong"]
[WhiteFideId "8603928"]
[BlackFideId "8610134"]
[EventDate "2023.06.05"]
[EventType "team"]

1. Nf3 Nf6 2. c4 c6 3. Nc3 d5 4. e3 Nbd7 5. d4 e6 6. Qc2 Bd6 7. b3 O-O 8. Be2 b6
9. O-O Bb7 10. Bb2 c5 11. cxd5 Nxd5 12. Nxd5 exd5 13. Rfd1 Rc8 14. dxc5 bxc5 15.
Qf5 g6 16. Qh3 Qe7 17. Rd2 f5 18. Qh6 Nf6 19. h3 Ne4 20. Rc2 f4 21. Rc4 Rf7 22.
Rxe4 Qxe4 23. Ng5 Qc2 24. Nxf7 Qxb2 25. Nxd6 Qxa1+ 26. Kh2 Qe5 27. Nxc8 f3+ 0-1

[Event "TCh-CHN DivA Regular"]
[Site "Fuling CHN"]
[Date "2023.06.10"]
[Round "5.3"]
[Board "4"]
[White "Zhang, Xiao"]
[Black "Ni, Shiqun"]
[Result "1/2-1/2"]
[BlackTitle "WGM"]
[WhiteElo "2147"]
[BlackElo "2323"]
[WhiteTeam "Shandong"]
[BlackTeam "Shanghai"]
[WhiteFideId "8610894"]
[BlackFideId "8608466"]
[EventDate "2023.06.05"]
[EventType "team"]

1. d4 Nf6 2. c4 g6 3. Nc3 d5 4. cxd5 Nxd5 5. e4 Nxc3 6. bxc3 Bg7 7. Bc4 c5 8.
Ne2 Nc6 9. Be3 O-O 10. O-O Bg4 11. f3 Bd7 12. Qd2 Qa5 13. Rfd1 cxd4 14. cxd4 b5
15. Bd3 Qxd2 16. Rxd2 Nb4 17. Rc1 Rfc8 18. Rxc8+ Rxc8 19. Bb1 a5 20. Kf2 e6 21.
d5 exd5 22. exd5 a4 23. Bd4 Bh6 24. Be3 Bg7 25. Bd4 Bh6 26. Be3 Bg7 1/2-1/2

[Event "TCh-CHN DivA Regular"]
[Site "Fuling CHN"]
[Date "2023.06.10"]
[Round "5.3"]
[Board "5"]
[White "Wang, Pin"]
[Black "Hu, Yu A."]
[Result "1-0"]
[WhiteTitle "WGM"]
[WhiteElo "2387"]
[BlackElo "2065"]
[WhiteTeam "Shanghai"]
[BlackTeam "Shandong"]
[WhiteFideId "8600406"]
[BlackFideId "8609993"]
[EventDate "2023.06.05"]
[EventType "team"]

1. d4 Nf6 2. c4 e6 3. Nf3 d5 4. cxd5 exd5 5. Nc3 Bb4 6. Bf4 Ne4 7. Rc1 O-O 8. e3
c5 9. Bd3 Nc6 10. O-O Bxc3 11. bxc3 Re8 12. c4 cxd4 13. Nxd4 Qf6 14. Nb5 Bf5 15.
cxd5 Nb4 16. Nc7 Nxd3 17. Nxe8 Qg6 18. Nc7 Nxc1 19. Qxc1 Rd8 20. f3 Nd6 21. e4
Bd7 22. Qc5 Nc8 23. Nb5 a6 24. Nd4 Qf6 25. Bc7 Re8 26. Re1 Ne7 27. e5 Qh6 28. e6
Qd2 29. Ba5 1-0

[Event "TCh-CHN DivA Regular"]
[Site "Fuling CHN"]
[Date "2023.06.10"]
[Round "5.4"]
[Board "1"]
[White "Lu, Shanglei"]
[Black "Bai, Jinshi"]
[Result "0-1"]
[WhiteTitle "GM"]
[BlackTitle "GM"]
[WhiteElo "2597"]
[BlackElo "2550"]
[WhiteTeam "Zhejiang Shaoxing"]
[BlackTeam "Hangzhou Bank"]
[WhiteFideId "8603332"]
[BlackFideId "8602280"]
[EventDate "2023.06.05"]
[EventType "team"]

1. d4 Nf6 2. Bf4 d5 3. e3 Bf5 4. c4 e6 5. Nc3 Bb4 6. Ne2 dxc4 7. a3 Bd6 8. Qa4+
Nbd7 9. Qxc4 O-O 10. Bxd6 cxd6 11. Ng3 Bg6 12. Be2 Qb6 13. Qb4 Rfc8 14. h4 Bc2
15. Kd2 Bb3 16. Rhc1 Bc4 17. Bd1 a5 18. Qxb6 Nxb6 19. b3 Bd5 20. Nxd5 Nbxd5 21.
Bf3 Kf8 22. Ne2 h6 23. Kd3 Ke7 24. Rc4 Kd7 25. g4 g5 26. Rh1 b5 27. Rxc8 Rxc8
28. hxg5 hxg5 29. e4 Ne7 30. Nc3 b4 31. axb4 axb4 32. Nb5 Ng6 33. Ra1 Nf4+ 34.
Kd2 Ne8 35. d5 Rc5 36. Ra7+ Nc7 37. dxe6+ fxe6 38. Nd4 e5 39. Ne2 Ne6 40. Ra4
Rb5 41. Nc1 Nc5 42. Ra7 Rb8 43. Ke3 Kc6 44. Be2 Kb6 45. Ra2 d5 46. exd5 Nxd5+
47. Kf3 Nc3 48. Rd2 Rf8+ 49. Ke3 N5e4 50. Rd7 Nf6 51. Rg7 Nfd5+ 52. Kd3 Nf4+ 53.
Ke3 Ng2+ 54. Kd3 Rd8+ 0-1

[Event "TCh-CHN DivA Regular"]
[Site "Fuling CHN"]
[Date "2023.06.10"]
[Round "5.4"]
[Board "2"]
[White "Ma, Qun"]
[Black "Zhu, Jiner"]
[Result "1-0"]
[WhiteTitle "GM"]
[BlackTitle "WGM"]
[WhiteElo "2648"]
[BlackElo "2507"]
[WhiteTeam "Hangzhou Bank"]
[BlackTeam "Zhejiang Shaoxing"]
[WhiteFideId "8603154"]
[BlackFideId "8608059"]
[EventDate "2023.06.05"]
[EventType "team"]

1. e4 c5 2. Nf3 Nc6 3. Bb5 g6 4. O-O Bg7 5. d3 e5 6. a3 Nge7 7. b4 d6 8. bxc5
dxc5 9. Bg5 Bd7 10. a4 O-O 11. Bxc6 Bxc6 12. c4 h6 13. Be3 b6 14. Nc3 Bd7 15. a5
Bg4 16. axb6 axb6 17. Rxa8 Qxa8 18. Qb3 Bxf3 19. gxf3 Qd8 20. Nd5 Nxd5 21. cxd5
Qf6 22. Kg2 Rd8 23. Ra1 Kh7 24. Ra7 Bf8 25. Rb7 Rd6 26. Qb5 Kg7 27. Qe8 g5 28.
Bd2 Rd8 29. Rxf7+ Qxf7 30. Qxd8 Qf6 31. Qc7+ Kg6 32. Bc3 Bd6 33. Qxb6 h5 34. h3
Qe7 35. Qc6 Kg7 36. Qc8 Qf6 37. Qe8 h4 38. Ba5 Qf7 39. Qxf7+ Kxf7 40. Bd8 Kg6
41. Kf1 1-0

[Event "TCh-CHN DivA Regular"]
[Site "Fuling CHN"]
[Date "2023.06.10"]
[Round "5.4"]
[Board "3"]
[White "Chen, Yuan2"]
[Black "Xu, Zhihang"]
[Result "1/2-1/2"]
[BlackTitle "IM"]
[WhiteElo "2159"]
[BlackElo "2510"]
[WhiteTeam "Zhejiang Shaoxing"]
[BlackTeam "Hangzhou Bank"]
[WhiteFideId "8618860"]
[BlackFideId "8611572"]
[EventDate "2023.06.05"]
[EventType "team"]

1. e4 e5 2. Nf3 Nc6 3. Bb5 a6 4. Ba4 Nf6 5. O-O Be7 6. Re1 b5 7. Bb3 O-O 8. a4
b4 9. d4 d6 10. dxe5 Nxe5 11. Nxe5 dxe5 12. Bg5 Qxd1 13. Rxd1 Bc5 14. Bxf6 gxf6
15. Rd3 Be6 16. Nd2 Rfd8 17. Bxe6 fxe6 18. Nb3 Be7 19. Rad1 Rd6 20. Na5 f5 21.
exf5 exf5 22. Nc4 Rxd3 23. Rxd3 Bd6 24. Nxd6 cxd6 25. Rxd6 Rc8 26. c3 bxc3 27.
bxc3 Rxc3 28. g3 Kf7 29. Rxa6 Rc1+ 30. Kg2 e4 31. Ra7+ Kg6 32. Re7 Ra1 33. g4
Rxa4 34. gxf5+ Kxf5 35. Rxh7 Ra2 36. Rf7+ Kg5 37. Rg7+ Kf4 38. Rg3 Ra6 39. h3
Re6 40. h4 Rh6 41. Kh3 Rh5 42. Rg8 Rf5 43. Kg2 Rh5 44. Rf8+ Kg4 45. Re8 Kf4 46.
Kh3 Rf5 47. Kg2 Rh5 48. Rf8+ Kg4 49. Rg8+ Kf4 50. Kh3 Rf5 51. Rg3 Rh5 52. Re3
Rf5 53. Rb3 Rh5 54. Ra3 Rf5 55. Kg2 Rh5 56. Ra4 Rxh4 1/2-1/2

[Event "TCh-CHN DivA Regular"]
[Site "Fuling CHN"]
[Date "2023.06.10"]
[Round "5.4"]
[Board "4"]
[White "Zhao, Xue"]
[Black "Ding, Yixin"]
[Result "1-0"]
[WhiteTitle "GM"]
[BlackTitle "WGM"]
[WhiteElo "2469"]
[BlackElo "2422"]
[WhiteTeam "Hangzhou Bank"]
[BlackTeam "Zhejiang Shaoxing"]
[WhiteFideId "8601283"]
[BlackFideId "8602972"]
[EventDate "2023.06.05"]
[EventType "team"]

1. d4 Nf6 2. c4 g6 3. f3 Nc6 4. Nc3 Bg7 5. d5 Ne5 6. e4 d6 7. f4 Ned7 8. Nh3 e5
9. f5 Nc5 10. Qf3 gxf5 11. exf5 e4 12. Qf4 Nh5 13. Qf2 Bxc3+ 14. bxc3 Qf6 15.
Qd4 Bxf5 16. Nf2 Kd7 17. g4 e3 18. Bxe3 Rhe8 19. O-O-O Rxe3 20. Qxe3 Re8 21. Qd4
Qg5+ 22. Kb2 Be4 23. h4 Qh6 24. gxh5 Bxh1 25. Qg4+ Kd8 26. Nxh1 Qe3 27. Qg5+
Qxg5 28. hxg5 Re5 29. Bd3 Rxg5 30. Bxh7 Rxh5 31. Bc2 Rh2 32. Kc1 Rh4 33. Ng3
Rxc4 34. Kd2 Rg4 35. Ne2 Rg5 36. Nf4 Rg4 37. Rf1 c6 38. Rf2 Rg5 39. dxc6 bxc6
40. Ne2 Rg7 41. Nd4 Kc7 42. Re2 Nb7 43. Nf5 Rg1 44. Re7+ Kb6 45. Rxf7 Rg2+ 46.
Kc1 d5 47. Kb1 Rh2 48. Rg7 Rh1+ 49. Kb2 Rh2 50. Kc1 Rh1+ 51. Bd1 Rh2 52. Rg6 Na5
53. Bb3 Kc5 54. Nd4 Rf2 55. Rh6 Rg2 56. Ne6+ Kb6 57. Nf4 Rg1+ 58. Kb2 Kc5 59.
Nd3+ Kb5 60. a4+ Kb6 61. Bxd5 Kc7 62. Be6 Rg2+ 63. Ka3 Rc2 64. Kb4 Kb6 65. Bb3
Rd2 66. Ne5 Re2 67. Nc4+ Nxc4 68. Bxc4 1-0

[Event "TCh-CHN DivA Regular"]
[Site "Fuling CHN"]
[Date "2023.06.10"]
[Round "5.4"]
[Board "5"]
[White "Bai, Xue"]
[Black "Zhai, Mo"]
[Result "1/2-1/2"]
[BlackTitle "WGM"]
[WhiteElo "2041"]
[BlackElo "2347"]
[WhiteTeam "Zhejiang Shaoxing"]
[BlackTeam "Hangzhou Bank"]
[WhiteFideId "8608717"]
[BlackFideId "8600201"]
[EventDate "2023.06.05"]
[EventType "team"]

1. e4 e5 2. Nf3 Nc6 3. Bb5 a6 4. Ba4 d6 5. c3 Bd7 6. O-O g6 7. d4 Bg7 8. Re1
Nge7 9. dxe5 dxe5 10. Nbd2 O-O 11. Nf1 Qe8 12. Ne3 b5 13. Bb3 Na5 14. c4 Nxb3
15. Qxb3 Kh8 16. Bd2 Rc8 17. Nd5 Bg4 18. cxb5 axb5 19. Nxe7 Qxe7 20. a4 bxa4 21.
Rxa4 c5 22. Rea1 Rb8 23. Qc3 Bxf3 24. gxf3 f5 25. Ra7 Rb7 26. Rxb7 Qxb7 27. Qxc5
fxe4 28. Bc3 exf3 29. Bxe5 Rd8 30. h3 Bxe5 1/2-1/2

[Event "TCh-CHN DivA Regular"]
[Site "Fuling CHN"]
[Date "2023.06.10"]
[Round "5.5"]
[Board "1"]
[White "Wang, Hao"]
[Black "Li, Chao b"]
[Result "0-1"]
[WhiteTitle "GM"]
[BlackTitle "GM"]
[WhiteElo "2722"]
[BlackElo "2658"]
[WhiteTeam "Shenzhen Pengcheng"]
[BlackTeam "Beijing"]
[WhiteFideId "8602883"]
[BlackFideId "8604436"]
[EventDate "2023.06.05"]
[EventType "team"]

1. e4 c5 2. Nf3 d6 3. d4 cxd4 4. Nxd4 Nf6 5. Nc3 Nc6 6. Bg5 e6 7. Qd2 a6 8.
O-O-O Bd7 9. Nxc6 Bxc6 10. f3 Be7 11. h4 h6 12. Bf4 d5 13. Qe1 Qb6 14. Bd3 O-O-O
15. exd5 Nxd5 16. Nxd5 Rxd5 17. Be5 Rxe5 18. Qxe5 Bf6 19. Qf4 0-1

[Event "TCh-CHN DivA Regular"]
[Site "Fuling CHN"]
[Date "2023.06.10"]
[Round "5.5"]
[Board "2"]
[White "Zhang, Di"]
[Black "Xue, Haowen"]
[Result "1/2-1/2"]
[WhiteElo "2273"]
[BlackElo "2341"]
[WhiteTeam "Beijing"]
[BlackTeam "Shenzhen Pengcheng"]
[WhiteFideId "8616590"]
[BlackFideId "8625492"]
[EventDate "2023.06.05"]
[EventType "team"]

1. e4 c5 2. Nc3 Nc6 3. Nf3 e6 4. d4 cxd4 5. Nxd4 Qc7 6. g3 a6 7. Bg2 Nf6 8. O-O
Nxd4 9. Qxd4 Bc5 10. Qd3 d6 11. b3 Bd7 12. Bb2 O-O 13. Nd1 e5 14. Ne3 Rfe8 15.
c4 b5 16. Rac1 Qb6 17. Nf5 bxc4 18. Rxc4 Bxf5 19. exf5 d5 20. Rcc1 e4 21. Qe2
Rac8 22. Rfd1 d4 23. Qc4 d3 24. Kf1 Qb8 25. Qa4 e3 26. fxe3 Bxe3 27. Rc6 Rxc6
28. Qxc6 Ng4 29. Bd5 Ne5 30. Qb7 Qxb7 31. Bxb7 d2 32. Bc3 Ng4 33. Bxd2 Rd8 34.
Ke2 Nf2 35. Rf1 Bxd2 36. Rxf2 a5 37. Kf3 Bb4 38. Rc2 g6 39. Be4 Rd2 40. Rxd2
Bxd2 41. Ke2 Bb4 42. Kd3 Kg7 43. Kc4 Kf6 44. fxg6 fxg6 45. Kd5 h6 46. Bd3 h5 47.
Ke4 Bc5 48. h3 Bd6 49. Kf3 Bc7 50. Bb5 g5 1/2-1/2

[Event "TCh-CHN DivA Regular"]
[Site "Fuling CHN"]
[Date "2023.06.10"]
[Round "5.5"]
[Board "3"]
[White "Zhou, Weiqi"]
[Black "Peng, Hongchi"]
[Result "0-1"]
[WhiteTitle "GM"]
[WhiteElo "2604"]
[BlackElo "2426"]
[WhiteTeam "Shenzhen Pengcheng"]
[BlackTeam "Beijing"]
[WhiteFideId "8601674"]
[BlackFideId "8609047"]
[EventDate "2023.06.05"]
[EventType "team"]

1. Nf3 Nf6 2. g3 g6 3. d4 Bg7 4. c4 O-O 5. Bg2 c5 6. O-O d5 7. dxc5 dxc4 8. Qc2
Qc7 9. Qxc4 Be6 10. Qh4 Qxc5 11. Ng5 Nc6 12. Nc3 Bf5 13. e4 Bd7 14. Be3 Qc4 15.
Rfd1 h6 16. Nf3 g5 17. Bxg5 hxg5 18. Nxg5 Rfd8 19. Bf1 Qb4 20. Nd5 Nxd5 21. Rxd5
e6 22. Rb5 Qe7 23. f4 Nd4 24. Rxb7 Rab8 25. Rc7 Rxb2 26. Qh7+ Kf8 27. Qh5 f6 28.
Bg2 Be8 29. Nh7+ Kg8 30. Qa5 Qd6 31. Nxf6+ Bxf6 32. e5 Nf3+ 33. Bxf3 Qd4+ 34.
Kh1 Qf2 0-1

[Event "TCh-CHN DivA Regular"]
[Site "Fuling CHN"]
[Date "2023.06.10"]
[Round "5.5"]
[Board "4"]
[White "Wang, Yu A."]
[Black "Song, Yuxin"]
[Result "1/2-1/2"]
[WhiteTitle "IM"]
[BlackTitle "WIM"]
[WhiteElo "2255"]
[BlackElo "2353"]
[WhiteTeam "Beijing"]
[BlackTeam "Shenzhen Pengcheng"]
[WhiteFideId "8601097"]
[BlackFideId "8614300"]
[EventDate "2023.06.05"]
[EventType "team"]

1. e4 c5 2. Nf3 d6 3. d4 cxd4 4. Nxd4 Nf6 5. Nc3 a6 6. Be2 e5 7. Nb3 Be7 8. O-O
O-O 9. Be3 Be6 10. Qd3 Nc6 11. a3 d5 12. exd5 Nxd5 13. Nxd5 Qxd5 14. Qxd5 Bxd5
15. Rad1 Bxb3 16. cxb3 Nd4 17. Bxd4 exd4 18. Rxd4 Rad8 19. Rfd1 Rxd4 20. Rxd4
Rd8 21. Rxd8+ Bxd8 22. b4 Bf6 23. b3 Bb2 24. a4 b5 25. Bf3 Bc3 26. Bb7 Bxb4 27.
Bxa6 bxa4 28. bxa4 Kf8 29. f4 Ke7 30. Kf2 h6 31. Ke3 Kd6 32. Kd4 Be1 33. Bc4 f6
34. Bf7 Bf2+ 35. Kc4 Bg1 36. h3 Be3 37. f5 Bf2 38. Be8 Be3 39. a5 Bf2 40. Kb5
Be3 41. Ka6 Kc7 42. Kb5 Kd6 1/2-1/2

[Event "TCh-CHN DivA Regular"]
[Site "Fuling CHN"]
[Date "2023.06.10"]
[Round "5.5"]
[Board "5"]
[White "Li, Xueyi"]
[Black "Li, Yunshan"]
[Result "0-1"]
[WhiteTitle "WGM"]
[BlackTitle "WIM"]
[WhiteElo "2291"]
[BlackElo "2283"]
[WhiteTeam "Shenzhen Pengcheng"]
[BlackTeam "Beijing"]
[WhiteFideId "8605912"]
[BlackFideId "8607664"]
[EventDate "2023.06.05"]
[EventType "team"]

1. d4 d5 2. Nf3 Nf6 3. c4 dxc4 4. g3 c5 5. Bg2 Nc6 6. Na3 cxd4 7. O-O e5 8. Nxc4
e4 9. Nfe5 Nxe5 10. Nxe5 Qd5 11. Nd3 Be7 12. Nb4 Bxb4 13. Qa4+ b5 14. Qxb4 a5
15. Qb3 Qc5 16. Bf4 a4 17. Qd1 O-O 18. Rc1 Qd5 19. a3 Bb7 20. Rc7 Rac8 21. Rxb7
Qxb7 22. Qxd4 Rfd8 23. Qe3 Qd5 24. Qb6 Qc5 25. Qa5 Ra8 26. Qe1 h6 27. Bd2 Qc4
28. e3 Rd5 29. Bc3 Rad8 30. Bd4 Rxd4 31. exd4 Rxd4 32. Qa5 Qb3 33. Qc7 Qc4 34.
Qa5 Qd5 35. h3 Rd2 36. Qb4 Rc2 37. h4 Qe5 38. Qa5 Rxb2 39. Qd8+ Kh7 40. Re1 Qc5
41. Rf1 Qxa3 42. Qc8 Qd6 43. Qf5+ g6 44. Qc8 a3 45. Qc1 Qd4 46. Qf4 a2 47. h5 g5
48. Bxe4+ Kg7 0-1

[Event "TCh-CHN DivA Regular"]
[Site "Fuling CHN"]
[Date "2023.06.10"]
[Round "5.6"]
[Board "1"]
[White "Xiang, Zeyu"]
[Black "Xu, Jun"]
[Result "1/2-1/2"]
[WhiteTitle "IM"]
[BlackTitle "GM"]
[WhiteElo "2397"]
[BlackElo "2468"]
[WhiteTeam "Hangzhou"]
[BlackTeam "Jiangsu"]
[WhiteFideId "8608547"]
[BlackFideId "8600031"]
[EventDate "2023.06.05"]
[EventType "team"]

1. d4 Nf6 2. c4 e6 3. Nf3 b6 4. g3 Bb7 5. Bg2 Bb4+ 6. Nbd2 O-O 7. O-O Be7 8. b3
c5 9. Bb2 cxd4 10. Nxd4 Bxg2 11. Kxg2 Nc6 12. N2f3 Qc8 13. Nxc6 Qxc6 14. Qd4
Rfd8 15. Rfd1 d5 16. Rac1 Qb7 17. Qe5 Bd6 18. Qe3 Bc5 19. Qf4 Bd6 20. Qh4 Be7
21. cxd5 Rxd5 22. Rxd5 Nxd5 23. Qg4 Bf8 24. Qc4 b5 25. Qd4 a5 26. a4 bxa4 27.
Qxa4 Nb4 28. Rd1 Nd5 29. Rc1 Nb4 30. Ba3 Rb8 31. Bxb4 Qxb4 32. Qxb4 Rxb4 33. Rc8
f6 34. Ra8 Rxb3 35. Nd4 Rb6 36. Rxa5 e5 37. Nf5 Rb2 38. Kf3 g6 39. Ne3 e4+ 40.
Kxe4 Rxe2 41. Kf3 Re1 42. Rd5 h5 43. Rd7 Bh6 44. Nd5 Re6 45. Ne7+ Kf7 46. Nf5+
Ke8 47. Rh7 Bf8 48. Nh4 f5 49. Ng2 Re7 50. Rxe7+ Kxe7 51. h4 1/2-1/2

[Event "TCh-CHN DivA Regular"]
[Site "Fuling CHN"]
[Date "2023.06.10"]
[Round "5.6"]
[Board "3"]
[White "Xie, Kaifan"]
[Black "Lin, Chen"]
[Result "1-0"]
[WhiteTitle "CM"]
[BlackTitle "GM"]
[WhiteElo "2278"]
[BlackElo "2509"]
[WhiteTeam "Hangzhou"]
[BlackTeam "Jiangsu"]
[WhiteFideId "8619107"]
[BlackFideId "8602298"]
[EventDate "2023.06.05"]
[EventType "team"]

1. d4 Nf6 2. c4 e6 3. Nc3 Bb4 4. Qc2 O-O 5. e4 d6 6. e5 Nfd7 7. exd6 cxd6 8. Bd3
Nf6 9. Ne2 d5 10. c5 b6 11. a3 Bxc3+ 12. Qxc3 bxc5 13. dxc5 Nc6 14. b4 e5 15.
Bg5 a6 16. Bc2 h6 17. Bh4 Re8 18. O-O g5 19. Bg3 d4 20. Qd2 e4 21. Ba4 Bd7 22.
Bxc6 Bxc6 23. Qxd4 Bb5 24. Rfe1 Bxe2 25. Qxd8 Raxd8 26. Rxe2 Rd3 27. Rc2 Red8
28. h3 Nd5 29. c6 e3 30. fxe3 Nxe3 31. Rc5 f5 32. c7 Rc8 33. a4 f4 34. Bf2 Nd5
35. b5 Kf7 36. Rxd5 Rxd5 37. b6 1-0